[Rekonštrukcia parku na ulici Dominika Tatarku]

Bibliographic Details
Main Author: Lejnarová, Mária (Author, Photographer)
Format: Article
Language:Slovak
PhysicalDescription:Fotogr.
Subjects:

MARC

LEADER 00000nab a2200000 ar4500
001 vtls009006114
003 SK-MaSNL
005 20260303065727.0
008 070710c2007 xo wr|p|||||||000 b|slo
038 |a PPPK 
040 |a PPPKCL  |b slo  |c PPPK  |e AACR2 
041 0 |a slo 
044 |a xo  |c SK 
080 |a 712.253  |2 1997 
080 |a 904  |2 1997 
245 0 0 |a [Rekonštrukcia parku na ulici Dominika Tatarku]  |c foto Mária Lejnarová 
300 |b Fotogr. 
648 7 |a 2007  |2 pppkcl  |9 313226 
650 0 7 |a parky  |2 pppkcl  |9 2942 
650 0 7 |a kultúrne pamiatky  |2 pppkcl  |9 2862 
650 0 7 |a rekonštrukcie  |2 pppkcl  |9 24616 
651 7 |a Poprad (Slovensko)  |2 pppkcl  |9 20155 
700 1 |a Lejnarová, Mária  |4 pht  |4 aut  |9 1004732 
773 0 |t Poprad : noviny občanov mesta  |g Roč. XVIII, č. 44 (2007), s. 2 
852 |a PPPK  |b KIS3GCP 
999 |c 1752382  |d 1754312